00518nam a2200193Ia 4500008004100000041001200041082001000053082001100063100001700074100001100091245008100102260001100183260001900194260000900213300001500222365002500237440004100262650002100303150909s9999 xx 000 0 und d aEnglish a581.1 bGOV/PH aGovindjee  eEditor aPhotosynthesis. V. 2: development, carbon metabolism, and plant productivity aLondon bAcadamic Press c1982 a580 Pages aUSD.59.00  aCell biology : a series of monograph aPlant physiology